01083cam a2200289 i 450000100090000000300040000900500170001300800410003001000170007102000180008804000230010604200080012905000230013708200150016010000580017524500920023325000190032526400570034430000540040165000290045570000390048470000560052370000290057994200360060895201320064499900170077620699893OSt20231127151233.0181009s2019 nyua b 001 0 eng  a 2018960788 a9781319333621 aDLCbengerdacDLC apcc00aQP514.2b.S66 201900a572bBER/B1 aBerg, Jeremy M.q(Jeremy Mark),d1958-eauthor.9992710aBiochemistry /cJeremy M. Berg, John L. Tymoczko, Gregory J. Gatto, Jr., Lubert Stryer. aTenth edition. 1aNew York :bW.H. Freeman/Macmillan Learning,c[2023] a1001 pages :billustrations (some color) ;c29 cm 0aBiochemistryvTextbooks.1 aTymoczko, John L.,d1948-eauthor.1 aGatto, Gregory J.,cJr.q(Gregory Joseph),eauthor.1 aStryer, Lubert,eauthor. 2ddccBKh572iBER/Bk572mBER/B 00102ddc40708ZOOLOGYaMESbMEScZOOd2023-11-27l0o572 BER/Bp43879r2023-11-27 15:12:03v12500.00w2023-11-27yBKzGL19R1 c43702d43702